000 00660nam a2200205 4500
001 113182
003 ES-MaACL
005 20230906185804.0
007 t|
008 061121s1980 sp r ||||1| spa d
100 1 _aNúñez Mayo, Oscar.
_986215
245 1 3 _aLa radio sin fronteras
_b: radiodifusión exterior y comunicación de masas /
_cOscar Núñez Mayo.
260 _aPamplona :
_bUniversidad de Navarra,
_c1980.
300 _a468 p. ;
_c22 cm.
490 1 _aCiencias de la información
710 2 _aUniversidad de Navarra.
_97252
830 0 _aCiencias de la información
_9182348
852 _aES-MaACL
_jL-955
_bR.101611
999 _c113182
_d113182